<?xml version="1.0" encoding="UTF-8"?>
<record
    xmlns:xsi="http://www.w3.org/2001/XMLSchema-instance"
    xsi:schemaLocation="http://www.loc.gov/MARC21/slim http://www.loc.gov/standards/marcxml/schema/MARC21slim.xsd"
    xmlns="http://www.loc.gov/MARC21/slim">

  <leader>00521nam a22001697a 4500</leader>
  <datafield tag="999" ind1=" " ind2=" ">
    <subfield code="c">8068</subfield>
    <subfield code="d">8068</subfield>
  </datafield>
  <controlfield tag="003">GBCCL</controlfield>
  <controlfield tag="005">20241126110642.0</controlfield>
  <controlfield tag="008">190214b           ||||| |||| 00| 0 eng d</controlfield>
  <datafield tag="040" ind1=" " ind2=" ">
    <subfield code="c">GBC</subfield>
  </datafield>
  <datafield tag="082" ind1=" " ind2=" ">
    <subfield code="a">ARC LIA</subfield>
    <subfield code="b">1986</subfield>
  </datafield>
  <datafield tag="100" ind1=" " ind2=" ">
    <subfield code="a">Liankhohau, T</subfield>
    <subfield code="9">196</subfield>
  </datafield>
  <datafield tag="245" ind1=" " ind2=" ">
    <subfield code="a">The Paite, A Transformed Community, and The Evangelical Convention Church |</subfield>
    <subfield code="c">T. Liankhohau</subfield>
  </datafield>
  <datafield tag="300" ind1=" " ind2=" ">
    <subfield code="a">?</subfield>
    <subfield code="b">?</subfield>
  </datafield>
  <datafield tag="650" ind1=" " ind2=" ">
    <subfield code="a">Christianity</subfield>
    <subfield code="z">Manipur</subfield>
    <subfield code="9">10493</subfield>
  </datafield>
  <datafield tag="650" ind1=" " ind2=" ">
    <subfield code="a">Paite</subfield>
    <subfield code="v">Social</subfield>
    <subfield code="v">Cultural</subfield>
    <subfield code="v">Economic</subfield>
    <subfield code="v">Religious</subfield>
    <subfield code="x">ECC (EBC)</subfield>
    <subfield code="z">Lamka</subfield>
    <subfield code="9">14064</subfield>
  </datafield>
  <datafield tag="942" ind1=" " ind2=" ">
    <subfield code="2">ddc</subfield>
    <subfield code="c">TH</subfield>
  </datafield>
  <datafield tag="952" ind1=" " ind2=" ">
    <subfield code="0">2</subfield>
    <subfield code="1">0</subfield>
    <subfield code="2">ddc</subfield>
    <subfield code="4">0</subfield>
    <subfield code="7">0</subfield>
    <subfield code="a">GBC</subfield>
    <subfield code="b">GBC</subfield>
    <subfield code="c">ARC</subfield>
    <subfield code="d">2019-02-14</subfield>
    <subfield code="l">0</subfield>
    <subfield code="o">ARC LIA 1986</subfield>
    <subfield code="p">025143</subfield>
    <subfield code="r">2022-06-07 00:00:00</subfield>
    <subfield code="t">c.1</subfield>
    <subfield code="w">2019-02-14</subfield>
    <subfield code="y">TH</subfield>
  </datafield>
</record>
